Género y teoría democrática /

Guardado en:
Bibliografiske detaljer
Hovedforfatter: Phillips, Anne (autor)
Format: Bog
Sprog:spansk
Udgivet: México : UNAM, Instituto de Investigaciones Sociales, Programa Universitario de Estudios de Género, 1996, c1996
Fag:
Tags: Tilføj Tag
Ingen Tags, Vær først til at tagge denne postø!

MARC

LEADER 00000nam^a2200000^a^4500
001 000055333
005 20250521000000.0
009 20260310090544.15
020 |a 968-36-4959-9 
037 |a Acervo ITESO - Biblioteca 
041 |a ESP 
082 |a 305. 42  |b PHI 
100 |a Phillips, Anne  |e (autor) 
245 1 0 |a Género y teoría democrática /  |c A. Phillips ; tr. por Isabel Vericat. 
264 4 |a México :  |b UNAM, Instituto de Investigaciones Sociales, Programa Universitario de Estudios de Género,  |c 1996, c1996 
300 |a 183 p. 
336 |a texto  |b txt  |2 rdacontenido 
337 |a sin mediación  |b n  |2 rdamedio 
338 |a volumen  |b nc  |2 rdasoporte 
500 |a Traducción de: Engendering democracy 
649 |a XX 
650 |a Mujeres -  |x Condiciones Políticas 
650 |a Género 
650 |a Roles de Género 
650 |a Discriminación de Género 
650 |a Participación Política 
650 |a Feminismo 
650 |a Democracia 
650 |a Sociología 
650 |a Política 
910 |a Fondo General 
920 |a Impresos - Libros 
930 |a Colección General 
905 |a 101 
901 |a 0500014109  |b IT1  |c ACC  |u 20250521 
902 |a https://opac.biblio.iteso.mx/vufind/Record/000055333